000 00744nam a2200205Ia 4500
005 20260121110248.0
008 008 260114s9999 xx 000 0 hin d
020 _a9788132350217
037 _aEBOOK
040 _aCRL
_bhin
_cCRL
041 _ahin
_2hin
084 _qCRL
100 _aसन्नी यादव / Sunny Yadav
_9944027
245 0 _aसामाजिक सुरक्षा समस्या, राजनीति एवं कार्यक्रम / Samajik Suraksha Samasya, Rajneeti Aur Karyakram
260 _bभाषा प्रकाशन / Bhasha Prakashan
_c2020
856 _uhttps://bhashaprakashan.com/product-details/378273
942 _cEBOOK
999 _c1535691
_d1535691